01491nam a2200397Ic 450000100060000000300100000600500170001600700030003300800410003602000180007704000350009504100080013008200200013810000280015824501540018624600660034025000220040626400400042830000430046833600270051133700330053833800280057149000220059950000340062152100410065553400270069654500550072365000260077865000240080465000330082870000300086170000420089194200120093399900170094595201310096259933CO-BoRNBP20251112152919.0ta180109s2014 sp a gr 000 0 spa d a9788415317951 aCO-BoRNBPbspaerdacCO-BoRNBP aspa04a746.4bB12h222 aBadger, Roseaut96722810aHilo, labor, ganchillo :b20 proyectos bonitos y originales /cRos Badger ; fotografías de Keiko Oikawa ; traducción de Maite Rodríguez Fisher.0 aHilo, labor, ganchillobveinte proyectos bonitos y originales aPrimera edición 1aBarcelona, España :bBlume,c2014 a128 páginas :bilustraciones a color atextobtxt2rdacontent asin mediaciónbn2rdamedia avolumenbnc2rdacarrier0 aLabores sencillas aIncluye índice alfabético aRecomendado para un público adulto tHook, Yarn and Crochet aIncluye datos biográficos del autor en la solapa07aArte Decorativo2lemb07aCostura2lemb9375707aTejido A Mano2armarc924025 aOikawa, Keikoepht967229 aRodríguez Fisher, Maiteetrl967230 2ddccBK c59933d59933 00102ddc40708GENaMEMAPJGAbMEMAPJGAcGENd2025-11-12l0o746.4 B12hpMPJG00988r2025-11-12 15:29:48tEj.1w2025-11-12yBK